Afghanistan Vrai ou Faux ? - Statistiques

Statistiques générales
  • Ce quiz a été pris 112 fois
    101 depuis la dernière actualisation
  • Le résultat moyen est 10 sur 15
Statistiques - réponses
Question Réponse % Correct
Kaboul est la capitale de l'Afghanistan Vrai
100%
La capitale de l'Afghanistan fait parti des 20 capitales les plus hautes, en terme d'altitude Vrai
100%
Kandahar est une commune afghane Vrai
89%
Il y a 34 provinces en Afghanistan Vrai
89%
Il y a plus de 35 millions d'habitants en Afghanistan Vrai
89%
Hamid Karzai est Le Président de l'Afghanistan Faux
78%
L'Afghanistan n'a jamais gagné de médailles olympiques Faux
78%
L'Afghanistan est le pays qui produit le plus d'opium ( de pavot d'opium ) Vrai
78%
Il y a plus de Tadjiks en Afghanistan qu'au Tadjikistan Vrai
78%
Il y a plus de sunnites que de chiites en Afghanistan Vrai
67%
Il y avait plus de 20 candidats lors de l'éléction présidentielle de 2019 Faux
56%
L'Afghanistan est devenu indépendant du Royaume-Uni le 19 août 1919 Vrai
56%
Hérat a été la capitale de l'Afghanistan au XIXème siècle Faux
22%
Le Pachto est la langue la plus parlé d'Afghanistan Faux
22%
L'Afghanistan possède le taux de fécondité le plus élevé d'Asie Vrai
22%
Aucun quiz correspondant
Distribution des résultats
% des personnes avec chaque résultat
Percentile par nombre de réponses
Votre historique - résultats
Vous n’avez pas pris ce quiz depuis la dernière actualisation